00246nam a2200109Ia 4500008004100000082001300041100001500054245002500069250000800094260002600102300000800128150301s2006 xx 000 0 und d a644bGHO aGHOSH, S.G aCHECK IN - CHECK OUT a1ST bAMAN PUB. DELHIc2006 a130